01797nam a2200469 i 450000100060000000300080000600500170001400600190003100700150005000800410006502000180010602000270012403500230015103500240017403500250019803500210022304000310024405000250027508000070030008200180030710000340032524500800035926400410043930000410048033600310052133700330055233800430058549000270062850000230065550400290067858801240070759001640083165100580099565100570105365100310111065100330114165500270117479700190120183000280122085600620124899900170131052505FlNmELB20241216232410.0m o d | cr cnu||||||||150709s1999 sp ob 001 0 spa d z9788477370802 a9788477373315 (e-book) a(MiAaPQ)EBC3428852 a(Au-PeEL)EBL3428852 a(CaPaEBR)ebr11059316 a(OCoLC)949135373 aFINmELBbspaerdacFINmELB 4aDA990.U46bS572 1999 a940 a941.608242231 aSierra Gómez, Luis Antonio.10aIrlanda del Norte :bhistoria del conflicto /cLuis Antonio Sierra Gómez. 1aMadrid :bEdiciones Sílex,c[1999] a1 recurso en línea (263 páginas) atextobtxt2rdacontent/spa acomputadorabc2rdamedia/spa arecurso en líneabcr2rdacarrier/spa1 aPeriodismo histórico aContiene índice. aContiene bibliografía. aDescripción basada en recurso en línea; Título de la página del título en PDF (e-libro, visto July 09, 2015). aRecurso electrónico. Santa Fe, Arg.: e-libro, 2015. Disponible vía World Wide Web. El acceso puede estar limitado para las bibliotecas afiliadas a e-libro. 0aNorthern IrelandxPolitics and governmenty1969-1994. 4aIrlanda del NortexPolítica y gobiernoy1969-1994. 0aNorthern IrelandxHistory. 4aIrlanda del NortexHistoria. 4aLibros electrónicos.2 ae-libro, Corp. 0aPeriodismo histórico.40uhttps://elibro.net/ereader/politecnicointernacional/52376 c52505d52505